000 00791 a2200157 4500
003 Nust
005 20221014105539.0
040 _cNust
082 _a604.2,ROS
100 _aRoss, Stan
_9100288
245 _aThe World of Drafting /
_bStan Ross
260 _aUSA
_bMCknight
_c1971
300 _a372p;
505 _aDrafting Is (Page-1), Drawing Freehand (Page-25), Drafting Conventional Practices (Page-109), Drafting Tools, Books, Supplies and Equipment (Page-138), Drawing Mechanically (Page-150), Drawing Orthographic Projections (Page-185), Drawing Pictorially (Page-230), Drawing Developments (Page-242),Drawing with Grids (Page-254),Drawing with Building (Page-268), Drawing Systems (Page-282),Reproduction and Care Drawings (Page-306), Drafting Design (Page-312).
942 _2ddc
_cBK
999 _c193504
_d193504